Systémy správy skladu a ich možné prínosy
Správa a riadenie veľkého skladu vyžadujú jasnú organizáciu, efektívne a dynamické plánovanie a riadenie, ktoré dokáže reagovať na poruchy. Tento proces bez systému správy skladu nie je možný. Nezávisle na architektúre - či ide o súčasť systému ERP alebo o samostatný systém, zodpovedá WMS za všetky...
Salvato in:
| Natura: | Capitolo di libro |
|---|---|
| Lingua: | slovacco |
| Soggetti: | |
| Tags: |
Nessun Tag, puoi essere il primo ad aggiungerne!!
|
MARC
| LEADER | 00000naa$a2200000$$$4500 | ||
|---|---|---|---|
| 001 | 0071731 | ||
| 005 | 20231215092104.7 | ||
| 041 | 0 | |a slo | |
| 044 | |a SK | ||
| 245 | 1 | 0 | |a Systémy správy skladu a ich možné prínosy |
| 520 | |a Správa a riadenie veľkého skladu vyžadujú jasnú organizáciu, efektívne a dynamické plánovanie a riadenie, ktoré dokáže reagovať na poruchy. Tento proces bez systému správy skladu nie je možný. Nezávisle na architektúre - či ide o súčasť systému ERP alebo o samostatný systém, zodpovedá WMS za všetky procesy v sklade a spolu s použitou technikou podporuje hospodárnosť. Možné prínosy WMS a podpora skladových procesov. Využitie WMS pri zásobovaní aumobilky. | ||
| 610 | 2 | 0 | |a sklady |
| 610 | 2 | 0 | |a skladovanie |
| 610 | 2 | 0 | |a hospodárstvo skladové |
| 610 | 2 | 0 | |a riadenie |
| 610 | 2 | 0 | |a systémy informačné |
| 610 | 2 | 0 | |a logistika |